00866nam a2200241Ia 4500003000400000005001700004008004100021020001500062040001800077041000800095082002100103100003000124245008100154250001200235260005300247300002900300650003000329650003100359650004400390942003000434999001900464952014100483OSt20260327141951.0210716s1984 xx 000 0 und d a0819138037 cAIMIT LIBRARY aeng a374.22 21bHALG aHallett, Garth L.9259602 aLogic for the labyrinth :bguide to critical thinking /cBy Garth L Hallett. a1st ed. aNew York :c1984.bUniversity press of America , axxvi,214p. ;bPBc22.1cm aConcept and thing9259603 aSynthetic a priori9259604 aShifting boards of the a priori9259605 2ddccBKe1stk374.22 HALG c198622d198622 00102ddc40708MBAaAIMITbAIMITd2004-12-31iBillno:;Billdt:1900-01-00l0o374.22 HALGpMBA01187r2026-05-23 00:00:00w2021-07-16yBK